| 000 -LEADER |
| fixed length control field |
00705cam a22001457a 4500 |
| 008 - FIXED-LENGTH DATA ELEMENTS--GENERAL INFORMATION |
| fixed length control field |
180718b1976 xxu||||| |||| 00| 0 eng d |
| 082 ## - DEWEY DECIMAL CLASSIFICATION NUMBER |
| Classification number |
Yx54 W373 (R) |
| 245 ## - TITLE STATEMENT |
| Title |
Wealth of India: a dictionary of Indian materials and industrial products |
| Statement of responsibility, etc. |
by Publications & Information Directorate, India |
| 260 ## - PUBLICATION, DISTRIBUTION, ETC. |
| Place of publication, distribution, etc. |
New Delhi |
| Name of publisher, distributor, etc. |
Publications & Information Directorate |
| Date of publication, distribution, etc. |
1976 |
| 300 ## - PHYSICAL DESCRIPTION |
| Extent |
v |
| 500 ## - GENERAL NOTE |
| General note |
Contents; v.1, 254p.; v.2, 427p.; v.3. D-E, 236p.; v.5. H-K, 332p.; v.6. L-M, 483p.; v.10. Sp-W, 591p.; v.11. X-Z and Culmulative Indexes, 383p. |
| 650 ## - SUBJECT ADDED ENTRY--TOPICAL TERM |
| Topical term or geographic name entry element |
Commercial products --India --Dictionaries. |
| 650 ## - SUBJECT ADDED ENTRY--TOPICAL TERM |
| Topical term or geographic name entry element |
Raw materials --India --Dictionaries |
| 700 ## - ADDED ENTRY--PERSONAL NAME |
| Personal name |
India. Publications & Information Directorate |